Normal view
MARC view
Entry Personal Name
001 - CONTROL NUMBER
- control field: 55592
003 - CONTROL NUMBER IDENTIFIER
- control field: OSt
005 - DATE AND TIME OF LATEST TRANSACTION
- control field: 20160507151328.0
008 - FIXED-LENGTH DATA ELEMENTS
- fixed length control field: 160507|| aca||aabn | a|a d
040 ## - CATALOGING SOURCE
- Original cataloging agency: OSt
- Transcribing agency: OSt
100 ## - HEADING--PERSONAL NAME
- Personal name: गौमम, राजेन्द्र
670 ## - SOURCE DATA FOUND
- Source citation: Work cat.: (OSt)48274: गौमम, राजेन्द्र , सुमित्रानंदन पंत का स्वच्छंदतावादी काव्य , 2010









